[Event "AUTO-OPEN-3763"]
[Site "http://www.queenalice.com/game.php?id=1487484"]
[Date "2017.7.25"]
[Round "2"]
[White "bouley"]
[Black "arcibaldo"]
[Result "0-1"]
[WhiteElo "2072"]
[BlackElo "2289"]

1. e4 c5 2. Nf3 d6 3. d4 cxd4 4. Nxd4 Nc6 5. Bb5 Bd7 6. O-O g6 7. Nc3 Bg7 8. Be3
Nf6 9. f3 O-O 10. Nxc6 bxc6 11. Be2 Rb8 12. Rb1 Qc7 13. Qd2 Rfd8 14. b4 e5 15.
Rfd1 Be6 16. Ba6 d5 17. exd5 cxd5 18. Bc5 d4 19. Ne4 Nxe4 20. fxe4 Bxa2 21. Rb2
Be6 22. Qd3 Bf8 23. Rdb1 Bxc5 24. bxc5 Rxb2 25. Rxb2 Qxc5 26. Kf2 f5 27. Rb5 Qf8
28. Rxe5 fxe4+ 0-1

[Event "AUTO-OPEN-3763"]
[Site "http://www.queenalice.com/game.php?id=1487485"]
[Date "2017.7.25"]
[Round "2"]
[White "arcibaldo"]
[Black "bouley"]
[Result "1-0"]
[WhiteElo "2284"]
[BlackElo "2052"]

1. e4 Nc6 2. d4 d5 3. e5 Bf5 4. c3 e6 5. Nf3 Nge7 6. Nh4 g6 7. Nd2 Bg7 8. g4 Be4
9. f3 Nc8 10. Ng2 Bxf3 11. Nxf3 O-O 12. Nf4 Qe7 13. g5 h6 14. gxh6 Bxh6 15. Nxd5
exd5 16. Bxh6 Re8 17. h4 f6 18. Rg1 Kh7 19. Qd3 Qf7 20. h5 N8e7 21. hxg6+ Nxg6
22. Qf5 Kxh6 23. Ng5 Qf8 24. Qh3+ 1-0

[Event "AUTO-OPEN-3763"]
[Site "http://www.queenalice.com/game.php?id=1487488"]
[Date "2017.7.25"]
[Round "2"]
[White "honoriolemos"]
[Black "arcibaldo"]
[Result "0-1"]
[WhiteElo "2261"]
[BlackElo "2367"]

1. d4 Nf6 2. c4 e6 3. Nf3 d5 4. Bg5 Bb4+ 5. Nc3 dxc4 6. e4 c5 7. e5 cxd4 8. Qa4+
Nc6 9. O-O-O Bd7 10. Ne4 Nxe4 11. Bxd8 Rxd8 12. Bxc4 Nxf2 13. Rhe1 Bxe1 14. Rxe1
Nxe5 15. Qc2 Nfd3+ 16. Bxd3 Nxf3 17. gxf3 Rc8 18. Bc4 b5 19. Qe4 O-O 20. Kb1
Rxc4 21. Rg1 Rfc8 22. h4 g6 23. h5 Bc6 24. Qd3 Rc7 25. hxg6 hxg6 26. b3 Rc3 27.
Qxd4 Bxf3 28. Qd8+ Kg7 29. Qd4+ f6 30. Rf1 e5 31. Qh4 a5 32. Rg1 b4 33. Kb2 g5
34. Qf2 Rc2+ 35. Qxc2 Rxc2+ 36. Kxc2 g4 37. Kd2 f5 38. Rc1 g3 39. Ke1 f4 40. Rc5
Kf6 41. Rxa5 Bg4 42. Rb5 f3 43. Rxb4 f2+ 0-1

[Event "AUTO-OPEN-3763"]
[Site "http://www.queenalice.com/game.php?id=1487489"]
[Date "2017.7.25"]
[Round "2"]
[White "arcibaldo"]
[Black "honoriolemos"]
[Result "1-0"]
[WhiteElo "2334"]
[BlackElo "2206"]

1. e4 c5 2. Nf3 d6 3. Nc3 a6 4. d4 cxd4 5. Nxd4 Nf6 6. Bc4 e6 7. O-O Be7 8. Bb3
O-O 9. Be3 Nbd7 10. Bxe6 fxe6 11. Nxe6 Qa5 12. Nxf8 Nxf8 13. f3 Be6 14. Qd2 Rc8
15. Nd5 Qd8 16. Nxe7+ Qxe7 17. Bd4 Ng6 18. Rfd1 Rc6 19. b3 d5 20. Bxf6 Qxf6 21.
exd5 Rd6 22. c4 Bf5 23. Re1 Bd7 24. c5 1-0

[Event "AUTO-MASTER-2516"]
[Site "http://www.queenalice.com/game.php?id=1488954"]
[Date "2017.8.5"]
[Round "2"]
[White "arcibaldo"]
[Black "LOMBARDY"]
[Result "1-0"]
[WhiteElo "2342"]
[BlackElo "2084"]

1. e4 c5 2. Nf3 d6 3. d4 cxd4 4. Nxd4 Nf6 5. Nc3 a6 6. Bc4 e5 7. Nf3 b5 8. Bd5
Ra7 9. Be3 Rd7 10. b4 Be7 11. O-O Qc7 12. Bd2 Bb7 13. Bxb7 Qxb7 14. Re1 Rc7 15.
a4 O-O 16. axb5 Rfc8 17. bxa6 Nxa6 18. b5 Nc5 19. Re3 Ncxe4 20. Nxe4 Nxe4 21. b6
Rxc2 22. Ra7 Qxb6 23. Rxe7 Rxd2 24. Nxd2 Nxd2 25. Rc3 Kf8 26. Rxc8+ Kxe7 27.
Qxd2 Qb7 28. Qg5+ Ke6 29. Re8+ 1-0

[Event "AUTO-MASTER-2516"]
[Site "http://www.queenalice.com/game.php?id=1488955"]
[Date "2017.8.5"]
[Round "2"]
[White "LOMBARDY"]
[Black "arcibaldo"]
[Result "0-1"]
[WhiteElo "2106"]
[BlackElo "2352"]

1. d4 Nf6 2. c4 e6 3. Nc3 d5 4. Nf3 c6 5. e3 Nbd7 6. Bd3 Bd6 7. Qc2 dxc4 8. Bxc4
e5 9. dxe5 Nxe5 10. Nxe5 Bxe5 11. h3 Qe7 12. Bd2 O-O 13. a3 Be6 14. Bxe6 Qxe6
15. O-O Rad8 16. Rad1 Rfe8 17. Bc1 a6 18. Nb1 Bc7 19. Nd2 Re7 20. Nf3 Red7 21.
Rxd7 Rxd7 22. Rd1 Qf5 23. Qe2 Qb5 24. Qxb5 Rxd1+ 25. Qf1 Rxf1+ 26. Kxf1 a5 27.
a4 Ne4 28. Nd2 Nc5 29. b3 f5 30. Ba3 Nd7 31. Ke2 Kf7 32. Nc4 Ke6 33. Bb2 g6 34.
Ba3 b5 35. Nd2 bxa4 36. b4 Bd6 0-1

[Event "AUTO-MASTER-2516"]
[Site "http://www.queenalice.com/game.php?id=1488956"]
[Date "2017.8.5"]
[Round "2"]
[White "arcibaldo"]
[Black "clovis"]
[Result "1-0"]
[WhiteElo "2329"]
[BlackElo "2040"]

1. e4 e5 2. Nf3 Nc6 3. Bb5 Bc5 4. c3 d6 5. d4 exd4 6. cxd4 Bb4+ 7. Nc3 Nf6 8.
Bg5 O-O 9. d5 Ne5 10. Nxe5 dxe5 11. Qf3 c6 12. dxc6 bxc6 13. Bxc6 Ba6 14. Bxa8
Qxa8 15. Bxf6 gxf6 16. Rc1 Rd8 17. Rd1 Rd4 18. Qg3+ Kh8 19. Qe3 Qd8 20. Rd2 Bc5
21. f3 Qb6 22. Qh6 Bf8 23. Qxf8# 1-0

[Event "AUTO-MASTER-2516"]
[Site "http://www.queenalice.com/game.php?id=1488957"]
[Date "2017.8.5"]
[Round "2"]
[White "clovis"]
[Black "arcibaldo"]
[Result "0-1"]
[WhiteElo "2005"]
[BlackElo "2332"]

1. e4 c5 2. Nf3 d6 3. d4 cxd4 4. Qxd4 Nc6 5. Bb5 Bd7 6. Bxc6 bxc6 7. O-O e5 8.
Qd3 Be7 9. c4 Nf6 10. Nc3 O-O 11. Bg5 Ne8 12. Bxe7 Qxe7 13. Rad1 Bg4 14. h3 Bxf3
15. Qxf3 Rb8 16. b3 Nc7 17. Rd2 Ne6 18. Rfd1 Nd4 19. Rxd4 exd4 20. Rxd4 Qe5 21.
Qd3 Rfd8 22. f3 h6 23. Na4 c5 24. Rd5 Qa1+ 25. Kh2 Qxa2 26. Nxc5 Rdc8 27. Na4
Rxb3 28. Nc3 Qa1 0-1

[Event "I Classic Chess"]
[Site "http://www.queenalice.com/game.php?id=1490133"]
[Date "2017.8.14"]
[Round "5"]
[White "arcibaldo"]
[Black "tariann"]
[Result "1-0"]
[WhiteElo "2346"]
[BlackElo "2136"]

1. e4 e5 2. Nf3 Nc6 3. Bb5 f5 4. d3 Nf6 5. O-O d6 6. exf5 Bxf5 7. d4 exd4 8.
Nxd4 Bd7 9. Re1+ Be7 10. Bxc6 bxc6 11. Qe2 Kf7 12. Ne6 Bxe6 13. Qxe6+ Kf8 14.
Nc3 Qd7 15. Bg5 Qxe6 16. Rxe6 Kf7 17. Rae1 Rhe8 18. Kf1 h6 19. Bh4 Nd5 20. Nxd5
Bxh4 21. Rxe8 Rxe8 22. Rxe8 Kxe8 23. Ne3 Bf6 24. b3 Ke7 25. Ke2 d5 26. f4 Kd6
27. g4 Kc5 28. Kd3 Kb4 29. Nf5 c5 30. h4 c4+ 31. bxc4 dxc4+ 32. Ke4 Ka3 33. g5
hxg5 34. fxg5 Bc3 35. h5 Bd2 36. h6 gxh6 37. g6 1-0

[Event "AUTO-MASTER-2560"]
[Site "http://www.queenalice.com/game.php?id=1495326"]
[Date "2017.9.20"]
[Round "2"]
[White "arcibaldo"]
[Black "honoriolemos"]
[Result "1-0"]
[WhiteElo "2376"]
[BlackElo "2258"]

1. e4 c5 2. Nf3 d6 3. d4 cxd4 4. Nxd4 Nf6 5. Nc3 a6 6. Bc4 e6 7. O-O Nbd7 8. a3
b5 9. Bd3 Qc7 10. Bg5 Be7 11. Qe2 Bb7 12. Rfd1 Nc5 13. Bxf6 Bxf6 14. Bxb5+ axb5
15. Ndxb5 Qb6 16. Nxd6+ Ke7 17. e5 Bg5 18. Qh5 1-0

[Event "AUTO-MASTER-2560"]
[Site "http://www.queenalice.com/game.php?id=1495327"]
[Date "2017.9.20"]
[Round "2"]
[White "honoriolemos"]
[Black "arcibaldo"]
[Result "0-1"]
[WhiteElo "2239"]
[BlackElo "2384"]

1. d4 Nf6 2. c4 e6 3. Nf3 d5 4. e3 c5 5. cxd5 exd5 6. Nc3 Nc6 7. a3 Bg4 8. Be2
cxd4 9. exd4 Be7 10. O-O O-O 11. Re1 Re8 12. Bf4 Bd6 13. Bxd6 Qxd6 14. Nh4 Qf4
15. g3 Bxe2 16. Nxe2 Qe4 17. Rc1 Rac8 18. b4 a6 19. Ng2 Nxd4 20. Nxd4 Rxc1 21.
Qxc1 Qxd4 22. Rxe8+ Nxe8 23. Ne3 Qe4 24. Qc2 Qxc2 25. Nxc2 Nd6 26. Kf1 Kf8 27.
Ke2 Ke7 28. Kd3 Nc4 29. Kd4 Kd6 30. h4 b5 31. f4 h5 32. Ne3 Nxe3 33. Kxe3 Ke6
0-1

[Event "AUTO-MASTER-2560"]
[Site "http://www.queenalice.com/game.php?id=1495328"]
[Date "2017.9.20"]
[Round "2"]
[White "arcibaldo"]
[Black "Lamorteoscura77"]
[Result "1-0"]
[WhiteElo "2359"]
[BlackElo "2227"]

1. e4 c6 2. Nf3 d5 3. exd5 cxd5 4. d4 Bg4 5. c4 Bxf3 6. Qxf3 e6 7. Nc3 Nf6 8.
Bg5 Be7 9. Bxf6 Bxf6 10. cxd5 exd5 11. Nxd5 Bxd4 12. Qe4+ 1-0

[Event "AUTO-MASTER-2560"]
[Site "http://www.queenalice.com/game.php?id=1495329"]
[Date "2017.9.20"]
[Round "2"]
[White "Lamorteoscura77"]
[Black "arcibaldo"]
[Result "0-1"]
[WhiteElo "2151"]
[BlackElo "2392"]

1. e4 c5 2. Nf3 d6 3. d4 cxd4 4. Nxd4 Nc6 5. Nc3 e5 6. Nde2 Nf6 7. Bg5 Be7 8.
Bxf6 Bxf6 9. Nd5 Be6 10. c4 O-O 11. g3 Rc8 12. Rc1 Bg4 13. Qd3 Qa5+ 14. Ndc3 Bg5
15. Rd1 Nb4 16. Qb1 Rxc4 17. Bg2 Bxe2 18. Kxe2 Rxc3 19. bxc3 Nxa2 20. Qb3 Nxc3+
21. Kd3 Rc8 22. h4 Qa6+ 23. Kc2 Qe2+ 0-1

[Event "AUTO-OPEN-3763"]
[Site "http://www.queenalice.com/game.php?id=1503037"]
[Date "2017.11.11"]
[Round "3"]
[White "arcibaldo"]
[Black "headhunter"]
[Result "0-1"]
[WhiteElo "2403"]
[BlackElo "2704"]

1. e4 c5 2. Nf3 d6 3. d4 cxd4 4. Nxd4 Nf6 5. Nc3 a6 6. Bc4 e6 7. Bb3 b5 8. Bg5
Be7 9. a3 O-O 10. O-O Re8 11. Qd2 Bb7 12. f3 Qc7 13. Rad1 Nbd7 14. Rfe1 Nb6 15.
Bh4 Nc4 16. Bxc4 bxc4 17. Bg5 Rad8 18. b4 cxb3 19. cxb3 h6 20. Bh4 d5 21. exd5
Nxd5 22. Bxe7 Rxe7 23. Na4 Nf4 24. Qb4 Red7 25. Rc1 Qb8 26. Nc5 Rxd4 27. Qxb7
Qd6 28. Qxa6 Qd5 29. Ne4 Nd3 30. Qb6 Nxc1 31. Rxc1 Rd1+ 32. Rxd1 Qxd1+ 33. Kf2
Rd3 34. Qb8+ Kh7 0-1

[Event "AUTO-OPEN-3763"]
[Site "http://www.queenalice.com/game.php?id=1503038"]
[Date "2017.11.11"]
[Round "3"]
[White "headhunter"]
[Black "arcibaldo"]
[Result "1-0"]
[WhiteElo "2702"]
[BlackElo "2405"]

1. e4 c5 2. Nf3 d6 3. d4 cxd4 4. Nxd4 Nc6 5. c4 Nf6 6. Nc3 g6 7. Be2 Bg7 8. Be3
O-O 9. O-O Re8 10. Qd2 Ng4 11. Bxg4 Bxg4 12. f3 Bd7 13. Nd5 Rc8 14. Rac1 e6 15.
Nxc6 Bxc6 16. Nb4 a5 17. Nxc6 bxc6 18. Rfd1 d5 19. b3 dxe4 20. Qxd8 Rexd8 21.
fxe4 Rb8 22. Ba7 Rxd1+ 23. Rxd1 Ra8 24. Be3 Bf8 25. Rd7 a4 26. Rc7 axb3 27. axb3
Rb8 28. Rxc6 Rxb3 29. Bd4 f5 30. Rxe6 Rb4 31. Rc6 fxe4 32. Rc8 Kf7 33. Rxf8+
Kxf8 34. Bc5+ 1-0

[Event "Chess II"]
[Site "http://www.queenalice.com/game.php?id=1508555"]
[Date "2017.12.19"]
[Round "2"]
[White "arcibaldo"]
[Black "Juuca"]
[Result "0-1"]
[WhiteElo "2398"]
[BlackElo "1311"]

1. e4 e6 2. d4 d5 3. Nc3 Nf6 4. e5 Nfd7 5. Nf3 c5 6. Bb5 a6 7. Bxd7+ Nxd7 8. O-O
Be7 9. Be3 O-O 10. dxc5 Nxc5 11. Qd4 Nd7 12. Qg4 Kh8 13. Rfe1 b5 14. a3 Bb7 15.
Bg5 Rc8 16. Bxe7 Qxe7 17. Rad1 Rc4 18. Rd4 Rfc8 19. Qh5 Kg8 20. Red1 h6 21. R1d3
b4 22. axb4 Rxb4 23. Ne1 Rxb2 24. Rg3 f5 25. f4 a5 26. Nd1 Rb1 27. Qxh6 a4 28.
Qh5 a3 29. Rh3 a2 30. Qh8+ Kf7 31. Qh5+ g6 32. Qh7+ Ke8 0-1

[Event "Challenge"]
[Site "http://www.queenalice.com/game.php?id=1511690"]
[Date "2018.1.13"]
[Round "-"]
[White "Jerzy"]
[Black "arcibaldo"]
[Result "1/2-1/2"]
[WhiteElo "2283"]
[BlackElo "2405"]

1. d4 Nf6 2. Nf3 d5 3. c4 e6 4. Nc3 Bb4 5. Bd2 dxc4 6. e3 Bxc3 7. Bxc3 Qd5 8. a4
b6 9. Ne5 Nbd7 10. Nxc4 O-O 11. f3 Qg5 12. e4 Ba6 13. Qc2 Rfd8 14. Qf2 c5 15.
Be2 cxd4 16. Bxd4 Rac8 17. b3 Nc5 18. Bxc5 Bxc4 19. Bxc4 Rxc5 20. O-O Rd2 21.
Qg3 Qxg3 22. hxg3 Kf8 23. Rad1 Rxd1 24. Rxd1 Ke7 25. Kf2 h5 26. Ke3 a5 27. Rd2
g6 28. Rd3 Ne8 29. Kd4 Nd6 30. Rc3 e5+ 31. Kd3 f5 32. Bd5 Rxc3+ 33. Kxc3 fxe4
34. fxe4 Kf6 35. Kd3 Kg5 36. Ke3 1/2-1/2

[Event "Challenge"]
[Site "http://www.queenalice.com/game.php?id=1511691"]
[Date "2018.1.13"]
[Round "-"]
[White "arcibaldo"]
[Black "Jerzy"]
[Result "1-0"]
[WhiteElo "2398"]
[BlackElo "2302"]

1. e4 c5 2. Nf3 d6 3. d4 cxd4 4. Nxd4 Nf6 5. Nc3 a6 6. Be2 e5 7. Nb3 Be7 8. O-O
Be6 9. f4 exf4 10. Bxf4 Nbd7 11. Rf2 Ne5 12. Qd4 Nc6 13. Qd2 O-O 14. Rd1 Ne5 15.
Nd4 Bg4 16. Bxg4 Nfxg4 17. Rff1 Nf6 18. Nf5 Rc8 19. Bxe5 dxe5 20. Qg5 1-0

[Event "OS INCLIVES"]
[Site "http://www.queenalice.com/game.php?id=1513535"]
[Date "2018.1.25"]
[Round "-"]
[White "adelio"]
[Black "arcibaldo"]
[Result "0-1"]
[WhiteElo "1506"]
[BlackElo "2403"]

1. d4 Nf6 2. c4 d5 3. c5 c6 4. Nc3 e5 5. Nf3 exd4 6. Qxd4 Nbd7 7. Qe3+ Be7 8.
Ng5 O-O 9. Qd3 Nxc5 10. Qc2 d4 11. Nce4 Ncxe4 12. Nxe4 Nxe4 13. Qxe4 Bb4+ 14.
Bd2 Bxd2+ 15. Kxd2 Qa5+ 16. Kd1 Be6 17. e3 dxe3 18. Qxe3 Rad8+ 19. Bd3 Bf5 20.
Kc2 Rxd3 0-1

[Event "OS INCLIVES"]
[Site "http://www.queenalice.com/game.php?id=1513536"]
[Date "2018.1.25"]
[Round "-"]
[White "arcibaldo"]
[Black "adelio"]
[Result "1-0"]
[WhiteElo "2404"]
[BlackElo "1504"]

1. e4 c5 2. Nf3 e6 3. d4 Be7 4. Nc3 h5 5. Be3 h4 6. h3 d6 7. dxc5 Nc6 8. Bb5 Kf8
9. cxd6 Bxd6 10. Bxc6 bxc6 11. Bc5 Ke7 12. Ne5 Qc7 13. Bxd6+ Qxd6 14. Qxd6+ Kxd6
15. Nxf7+ Ke7 16. Nxh8 Bb7 17. Ng6+ Kf6 18. Nxh4 Ne7 19. Nf3 e5 20. O-O-O Bc8
21. Rd8 Ng6 22. Rhd1 1-0

[Event "Challenge"]
[Site "http://www.queenalice.com/game.php?id=1522489"]
[Date "2018.4.5"]
[Round "-"]
[White "arcibaldo"]
[Black "erminius"]
[Result "0-1"]
[WhiteElo "2402"]
[BlackElo "1938"]

1. e4 c6 2. d4 d5 3. e5 c5 4. c3 Nc6 5. Nf3 cxd4 6. cxd4 Bg4 7. Bb5 e6 8. Nc3
Ne7 9. Bg5 Qb6 10. O-O a6 11. Bxe7 Bxe7 12. Bxc6+ Qxc6 13. Rc1 O-O 14. h3 Bh5
15. Qd3 Qb6 16. g4 Bg6 17. Qd2 Rac8 18. Na4 Qb5 19. Nc3 Qa5 20. Qe3 h6 21. a3
Qb6 22. Na4 Qb5 23. Nc5 Qxb2 24. Rc3 Rc7 25. Na4 Rxc3 0-1